[Event "Madrid San Viator op-A 27th"]
[Site "Madrid"]
[Date "2016.11.20"]
[Round "9"]
[White "Campos Diaz, Fernando"]
[Black "Camarero Izquierdo, Juan Carlos"]
[Result "1-0"]
[WhiteElo "1663"]
[BlackElo "1816"]
[PlyCount "75"]
[EventDate "2016.09.25"]
[EventType "swiss"]
[EventRounds "9"]
[EventCountry "ESP"]
[SourceTitle "EXT 2019"]
[Source "ChessBase"]
[SourceDate "2018.10.10"]
[SourceVersion "1"]
[SourceVersionDate "2018.10.10"]
[SourceQuality "1"]

1. d4 f5 2. Nf3 e6 3. Bf4 Nf6 4. e3 d5 5. Be2 Bd6 6. Ne5 0-0 7. Nd2 Bxe5 8. dxe5 Ne4 9. f3 Ng5 10. h4 Nf7 11. g4 Nc6 12. gxf5 exf5 13. Kf2 Nfxe5 14. Qg1 d4 15. Nc4 dxe3+ 16. Nxe3 Be6 17. Rd1 Qe7 18. b3 Ng6 19. Bg5 Qc5 20. f4 Rae8 21. h5 Bf7 22. Rd3 Nge7 23. Bh6 g6 24. Qa1 Nd4 25. hxg6 Bd5 26. Rxd4 Bxh1 27. Rd5 Qxe3+ 28. Kxe3 Nxd5+ 29. Kf2 Rf6 30. Bc4 Rxg6 31. Qxh1 c6 32. Bxd5+ cxd5 33. Qxd5+ Kh8 34. Bg5 h6 35. Qxf5 Rge6 36. Bf6+ Kg8 37. Qg6+ Kf8 38. Qg7# 1-0

[Event "Madrid San Viator op-A 27th"]
[Site "Madrid"]
[Date "2016.10.12"]
[Round "4"]
[White "Perez Vazquez, Manuel"]
[Black "Campos Diaz, Fernando"]
[Result "1-0"]
[WhiteElo "1861"]
[BlackElo "1663"]
[PlyCount "75"]
[EventDate "2016.09.25"]
[EventType "swiss"]
[EventRounds "9"]
[EventCountry "ESP"]
[SourceTitle "EXT 2017"]
[Source "ChessBase"]
[SourceDate "2016.10.25"]
[SourceVersion "1"]
[SourceVersionDate "2016.10.25"]
[SourceQuality "1"]

1. d4 Nf6 2. c4 g6 3. Nc3 Bg7 4. e4 d6 5. f3 0-0 6. Be3 c5 7. Nge2 Nc6 8. d5 Ne5 9. Ng3 e6 10. Be2 exd5 11. cxd5 Bd7 12. 0-0 a6 13. a4 c4 14. a5 Rc8 15. Nh1 Bb5 16. Nf2 Nfd7 17. f4 Nd3 18. Bxd3 Bxc3 19. bxc3 cxd3 20. Qd2 Re8 21. Rfe1 Nc5 22. Bxc5 Rxc5 23. Nxd3 Bxd3 24. Qxd3 Qc7 25. Re3 Rc8 26. Rc1 Qxa5 27. h4 h5 28. f5 Qa3 29. Rc2 Kh7 30. fxg6+ fxg6 31. e5 dxe5 32. Rxe5 Rxc3 33. Rxh5+ Kg7 34. Qd4+ Kg8 35. Rh8+ Kf7 36. Rf2+ Ke7 37. Qe5+ Kd7 38. Rf7+ 1-0

[Event "Madrid San Viator op-A 27th"]
[Site "Madrid"]
[Date "2016.10.09"]
[Round "3"]
[White "Rodriguez Bittar, Karim Javier"]
[Black "Campos Diaz, Fernando"]
[Result "1-0"]
[WhiteElo "1936"]
[BlackElo "1663"]
[PlyCount "99"]
[EventDate "2016.09.25"]
[EventType "swiss"]
[EventRounds "9"]
[EventCountry "ESP"]
[SourceTitle "EXT 2017"]
[Source "ChessBase"]
[SourceDate "2016.10.25"]
[SourceVersion "1"]
[SourceVersionDate "2016.10.25"]
[SourceQuality "1"]

1. e4 c5 2. Nc3 d6 3. g3 g6 4. Bg2 Bg7 5. Nge2 Nf6 6. d3 0-0 7. 0-0 Nc6 8. f4 Bd7 9. h3 Rb8 10. Be3 b5 11. Qd2 b4 12. Nd1 a5 13. f5 Ne8 14. Bh6 Nc7 15. Bxg7 Kxg7 16. Ne3 Nd4 17. Nxd4 cxd4 18. Ng4 gxf5 19. exf5 f6 20. Qh6+ Kh8 21. Rae1 Rf7 22. Qf4 e5 23. fxe6 Nxe6 24. Qxd6 Qc7 25. Rxe6 Bxe6 26. Qxe6 Rb6 27. Qc4 Qxc4 28. dxc4 a4 29. c5 Rb8 30. Rxf6 Rxf6 31. Nxf6 b3 32. axb3 axb3 33. cxb3 d3 34. Kf2 Rxb3 35. Be4 Rxb2+ 36. Ke3 d2 37. Ke2 Kg7 38. c6 Rb8 39. c7 Rc8 40. Bf5 Rf8 41. Nh5+ Kh6 42. c8Q Rxc8 43. Bxc8 Kxh5 44. Kxd2 Kg5 45. Bg4 h6 46. Ke3 Kg6 47. Ke4 Kg5 48. Bd7 h5 49. h4+ Kg6 50. Bc8 1-0

[Event "Madrid San Viator op-A 27th"]
[Site "Madrid"]
[Date "2016.09.25"]
[Round "1"]
[White "Campos Diaz, Fernando"]
[Black "Garcia Martin, Esteban"]
[Result "0-1"]
[WhiteElo "1663"]
[BlackElo "1881"]
[PlyCount "56"]
[EventDate "2016.09.25"]
[EventType "swiss"]
[EventRounds "9"]
[EventCountry "ESP"]
[SourceTitle "EXT 2017"]
[Source "ChessBase"]
[SourceDate "2016.10.25"]
[SourceVersion "1"]
[SourceVersionDate "2016.10.25"]
[SourceQuality "1"]

1. d4 Nf6 2. Bf4 b6 3. Nf3 Bb7 4. e3 e6 5. Nbd2 Be7 6. Bd3 d5 7. c3 0-0 8. Ne5 c5 9. Qf3 Nbd7 10. 0-0-0 Nxe5 11. dxe5 Ne8 12. Qh5 g6 13. Qf3 Ng7 14. h4 f5 15. Qh3 d4 16. Bc4 dxc3 17. bxc3 b5 18. Bxb5 Qa5 19. Bc4 Qxc3+ 20. Kb1 Rab8 21. Bb3 c4 22. e4 Qxh3 23. Rxh3 cxb3 24. exf5 bxa2+ 25. Kxa2 Bd5+ 26. Ka1 Nxf5 27. h5 Nd4 28. Bh6 Nc2# 0-1

[Event "Madrid San Viator op-A 26th"]
[Site "Madrid"]
[Date "2016.04.24"]
[Round "4"]
[White "Mosteiro Montoro, Alvaro"]
[Black "Campos Diaz, Fernando"]
[Result "1/2-1/2"]
[WhiteElo "1533"]
[BlackElo "1677"]
[PlyCount "101"]
[EventDate "2016.04.03"]
[EventType "swiss"]
[EventRounds "9"]
[EventCountry "ESP"]
[SourceTitle "EXT 2017"]
[Source "ChessBase"]
[SourceDate "2016.10.25"]
[SourceVersion "1"]
[SourceVersionDate "2016.10.25"]
[SourceQuality "1"]

1. d4 Nf6 2. Nf3 g6 3. c4 Bg7 4. Nc3 0-0 5. g3 d6 6. Bg2 c5 7. e3 cxd4 8. exd4 Nc6 9. 0-0 Bg4 10. Be3 Qd7 11. Qd2 Rfe8 12. a3 Bh3 13. b4 Bxg2 14. Kxg2 Ng4 15. Rad1 Nxe3+ 16. Qxe3 Rac8 17. c5 d5 18. Rfe1 e5 19. dxe5 d4 20. Qd3 Nxe5 21. Nxe5 Bxe5 22. Rxe5 Rxe5 23. Qxd4 Qxd4 24. Rxd4 b6 25. Na4 bxc5 26. Rc4 Re2 27. Nxc5 a5 28. Kf3 Rb2 29. Ke3 axb4 30. axb4 Kg7 31. h4 Re8+ 32. Kf3 Ree2 33. Nd3 Rbc2 34. Rxc2 Rxc2 35. Ke3 Kf6 36. Kd4 Ke6 37. g4 h5 38. gxh5 gxh5 39. f3 Kf5 40. b5 Rc8 41. b6 f6 42. b7 Rb8 43. Nc5 Kf4 44. Kd5 Kxf3 45. Ke6 Kg4 46. Kxf6 Kxh4 47. Kg6 Kg4 48. Nd7 Rxb7 49. Nf6+ Kh4 50. Nxh5 Rb6+ 51. Nf6 1/2-1/2

[Event "Madrid San Viator op-A 26th"]
[Site "Madrid"]
[Date "2016.04.03"]
[Round "1"]
[White "Campos Diaz, Fernando"]
[Black "Luna Hermoso, Angel"]
[Result "0-1"]
[WhiteElo "1677"]
[BlackElo "1960"]
[PlyCount "76"]
[EventDate "2016.04.03"]
[EventType "swiss"]
[EventRounds "9"]
[EventCountry "ESP"]
[SourceTitle "EXT 2017"]
[Source "ChessBase"]
[SourceDate "2016.10.25"]
[SourceVersion "1"]
[SourceVersionDate "2016.10.25"]
[SourceQuality "1"]

1. d4 c5 2. c3 e6 3. Bf4 cxd4 4. cxd4 Qb6 5. Qd2 d5 6. e3 Nc6 7. Nc3 Nf6 8. a3 a6 9. Bd3 Be7 10. Nf3 Na5 11. Na4 Qd8 12. Qc2 Nc4 13. 0-0 0-0 14. h3 Bd7 15. Nc3 Rc8 16. Qe2 Nxa3 17. Nxd5 exd5 18. bxa3 Rc3 19. a4 Qc8 20. Ne5 Ne4 21. Nxd7 Qxd7 22. f3 Nf6 23. g4 Rfc8 24. Bf5 Qe8 25. Bxc8 Qxc8 26. e4 dxe4 27. fxe4 Rxh3 28. Rac1 Qd7 29. d5 Rh4 30. Bg3 Rxg4 31. Qf2 Bd6 32. Rc3 Nxe4 33. Rc8+ Qxc8 34. Qxf7+ Kh8 35. Re1 Rxg3+ 36. Kf1 Qh3+ 37. Ke2 Qg2+ 38. Qf2 Qxf2+ 0-1

[Event "Madrid Codes Memorial 9th"]
[Site "Madrid"]
[Date "2015.05.24"]
[Round "7"]
[White "Tarrio Ocana, Jose Manuel"]
[Black "Campos Diaz, Fernando"]
[Result "1-0"]
[WhiteElo "1840"]
[BlackElo "1683"]
[PlyCount "59"]
[EventDate "2015.03.29"]
[EventType "swiss"]
[EventRounds "9"]
[EventCountry "ESP"]
[SourceTitle "EXT 2019"]
[Source "ChessBase"]
[SourceDate "2018.10.10"]
[SourceVersion "1"]
[SourceVersionDate "2018.10.10"]
[SourceQuality "1"]

1. e4 c5 2. Nc3 d6 3. Bb5+ Bd7 4. Bxd7+ Qxd7 5. f4 Nc6 6. Nf3 g6 7. 0-0 Bg7 8. d3 Nf6 9. Qe1 0-0 10. h3 Nd4 11. Nxd4 cxd4 12. Ne2 e5 13. c3 dxc3 14. Nxc3 Qc6 15. Be3 exf4 16. Rxf4 Nh5 17. Rf3 f5 18. Nd5 Qd7 19. Rc1 Rac8 20. Rxc8 Rxc8 21. exf5 Nf6 22. Nxf6+ Bxf6 23. fxg6 Qe7 24. gxh7+ Kxh7 25. Qf2 Kg7 26. Rg3+ Kf7 27. Bg5 Qe5 28. Bxf6 Rc1+ 29. Kh2 Qxf6 30. Rf3 1-0